[Event "ESP-chT Div I 2018"]
[Site "Linares"]
[Date "2018.08.08"]
[Round "3"]
[White "Alonso Alvarez, Aitor"]
[Black "Pap, Misa"]
[Result "0-1"]
[WhiteElo "2306"]
[BlackElo "2478"]
[Annotator "RC"]
[PlyCount "62"]
[EventDate "2018.08.06"]
[EventType "team-tourn"]
[EventCountry "ESP"]
[SourceTitle "playchess.com"]
[Source "ChessBase"]
[SourceQuality "1"]
[TimeControl "40/5400+30:1800+30"]

1. d4 {[%emt 0:00:00]} f5 {[%emt 0:00:22]} 2. Nc3 {[%emt 0:00:11]} Nf6 {[%emt 0:00:10]} 3. Bg5 {[%emt 0:00:08]} d5 {[%emt 0:00:08]} 4. Bxf6 {[%emt 0:00:10]} exf6 {[%emt 0:00:12]} 5. e3 {[%emt 0:00:14]} Be6 {[%emt 0:01:11]} 6. Bd3 {[%emt 0:00:15]} Nc6 {[%emt 0:00:12]} 7. a3 {[%emt 0:00:27]} Qd7 {[%emt 0:01:28]} 8. Qf3 {[%emt 0:08:34]} O-O-O {[%emt 0:00:35]} 9. Nge2 {[%emt 0:00:12]} g5 {[%emt 0:05:23]} 10. g3 {[%emt 0:11:23]} Kb8 {[%emt 0:02:17]} 11. O-O-O {[%emt 0:12:56]} Ne7 {[%emt 0:04:29]} 12. h4 {[%emt 0:01:51]} Nc8 {[%emt 0:19:16]} 13. Kb1 {[%emt 0:13:03]} h6 {[%emt 0:04:28]} 14. Qg2 {[%emt 0:07:08]} c6 {[%emt 0:02:47]} 15. Nc1 {[%emt 0:01:15]} Nd6 {[%emt 0:00:57]} 16. Nb3 {[%emt 0:03:11]} b6 {[%emt 0:06:16]} 17. f3 {[%emt 0:09:09]} Bg7 {[%emt 0:01:33]} 18. Nd2 {[%emt 0:03:09]} Rhe8 {[%emt 0:07:19]} 19. Rde1 {[%emt 0:08:55]} Nc4 {[%emt 0:13:33]} 20. Nd1 {[%emt 0:01:00]} Bf7 {[%emt 0:03:56]} 21. c3 {[%emt 0:01:20]} Nd6 {[%emt 0:00:06]} 22. Bc2 {[%emt 0:02:34]} Re7 {[%emt 0:01:32]} 23. e4 {[%emt 0:01:25]} fxe4 {[%emt 0:02:38]} 24. fxe4 {[%emt 0:00:02]} dxe4 {[%emt 0:02:17]} 25. Nxe4 {[%emt 0:01:30]} Bd5 {[%emt 0:00:28]} 26. g4 {[%emt 0:02:32]} Rde8 {[%emt 0:01:13]} 27. Ndf2 {[%emt 0:00:02]} f5 {[%emt 0:10:12]} 28. gxf5 {[%emt 0:00:33]} Qxf5 {[%emt 0:00:17]} 29. Qg3 {[%emt 0:05:31]} Qf4 {[%emt 0:00:13]} 30. Qxf4 {[%emt 0:00:06]} gxf4 {[%emt 0:00:03]} 31. Rhg1 {[%emt 0:00:10]} Bf8 {[%emt 0:00:39]} 0-1

[Event "ESP-chT Div I 2018"]
[Site "Linares"]
[Date "2018.08.08"]
[Round "3"]
[White "Gutierrez Olivares, Daniel"]
[Black "Gonzalez Guedes, Iyan"]
[Result "1-0"]
[WhiteElo "2297"]
[BlackElo "1925"]
[Annotator "NA"]
[PlyCount "67"]
[EventDate "2018.08.06"]
[EventType "team-tourn"]
[EventCountry "ESP"]
[SourceTitle "playchess.com"]
[Source "ChessBase"]
[SourceQuality "1"]
[TimeControl "40/5400+30:1800+30"]

1. c4 {[%emt 0:00:00]} Nf6 {[%emt 0:00:00]} 2. Nc3 {[%emt 0:00:00]} g6 {[%emt 0:00:01]} 3. e4 {[%emt 0:00:05]} d6 {[%emt 0:00:10]} 4. d4 {[%emt 0:00:12]} Bg7 {[%emt 0:00:05]} 5. f3 {[%emt 0:00:19]} O-O {[%emt 0:00:10]} 6. Be3 {[%emt 0:01:11]} c5 {[%emt 0:00:18]} 7. d5 {[%emt 0:00:41]} e6 {[%emt 0:00:16]} 8. Qd2 {[%emt 0:00:36]} exd5 {[%emt 0:00:31]} 9. cxd5 {[%emt 0:00:10]} Nbd7 {[%emt 0:01:13]} 10. Nh3 {[%emt 0:01:34]} a6 {[%emt 0:01:00]} 11. a4 {[%emt 0:00:16]} Ne5 {[%emt 0:02:51]} 12. Nf2 {[%emt 0:00:16]} Re8 {[%emt 0:02:28]} 13. Be2 {[%emt 0:01:05]} h5 {[%emt 0:05:05]} 14. O-O {[%emt 0:01:16]} Nh7 {[%emt 0:07:51]} 15. h3 {[%emt 0:07:25]} Rb8 {[%emt 0:13:30]} 16. f4 {[%emt 0:05:11]} Nd7 {[%emt 0:00:15]} 17. Bd3 {[%emt 0:15:49]} Qc7 {[%emt 0:10:50]} 18. e5 {[%emt 0:02:52]} dxe5 {[%emt 0:02:30]} 19. f5 {[%emt 0:01:20]} e4 {[%emt 0:20:37]} 20. fxg6 {[%emt 0:02:43]} exd3 {[%emt 0:02:14]} 21. gxh7+ {[%emt 0:00:52]} Kh8 {[%emt 0:00:11]} 22. Bf4 {[%emt 0:01:16]} Ne5 {[%emt 0:03:30]} 23. Nxd3 {[%emt 0:01:04]} Qb6 {[%emt 0:06:13]} 24. Nxe5 {[%emt 0:07:20]} Bxe5 {[%emt 0:00:15]} 25. Bxe5+ {[%emt 0:00:12]} Rxe5 {[%emt 0:00:15]} 26. Qf4 {[%emt 0:04:22]} f6 {[%emt 0:03:47]} 27. a5 {[%emt 0:00:31]} Qd6 {[%emt 0:02:14]} 28. Ne4 {[%emt 0:07:02]} Qxd5 {[%emt 0:03:03]} 29. Qxf6+ {[%emt 0:02:26]} Kxh7 {[%emt 0:00:05]} 30. Qf8 {[%emt 0:00:43]} Be6 {[%emt 0:05:55]} 31. Nf6+ {[%emt 0:05:18]} Kg6 {[%emt 0:00:05]} 32. Qxb8 {[%emt 0:00:43]} Qd4+ {[%emt 0:00:36]} 33. Kh1 {[%emt 0:00:44]} Rg5 {[%emt 0:01:04]} 34. Qe8+ {[%emt 0:04:31]} 1-0

[Event "ESP-chT Div I 2018"]
[Site "Linares"]
[Date "2018.08.08"]
[Round "3"]
[White "Aranaz Murillo, Amalia"]
[Black "Argandona Riveiro, Inigo"]
[Result "0-1"]
[WhiteElo "2227"]
[BlackElo "2415"]
[Annotator "NA"]
[PlyCount "56"]
[EventDate "2018.08.06"]
[EventType "team-tourn"]
[EventCountry "ESP"]
[SourceTitle "playchess.com"]
[Source "ChessBase"]
[SourceQuality "1"]
[TimeControl "40/5400+30:1800+30"]

1. Nf3 {[%emt 0:00:00]} d5 {[%emt 0:00:00]} 2. c4 {[%emt 0:00:00]} d4 {[%emt 0:00:00]} 3. g3 {[%emt 0:00:50]} Nc6 {[%emt 0:00:00]} 4. Bg2 {[%emt 0:00:07]} e5 {[%emt 0:00:00]} 5. d3 {[%emt 0:01:09]} Bb4+ {[%emt 0:00:00]} 6. Nbd2 {[%emt 0:01:54]} a5 {[%emt 0:02:40]} 7. a3 {[%emt 0:03:42]} Be7 {[%emt 0:00:55]} 8. Rb1 {[%emt 0:01:01]} Be6 {[%emt 0:08:48]} 9. O-O {[%emt 0:04:07]} f6 {[%emt 0:09:15]} 10. Ne1 {[%emt 0:06:14]} Qd7 {[%emt 0:03:49]} 11. Nc2 {[%emt 0:05:57]} Bh3 {[%emt 0:01:33]} 12. b4 {[%emt 0:06:29]} axb4 {[%emt 0:03:24]} 13. Nxb4 {[%emt 0:00:19]} Bxb4 {[%emt 0:00:11]} 14. axb4 {[%emt 0:00:14]} h5 {[%emt 0:03:02]} 15. b5 {[%emt 0:08:39]} Nd8 {[%emt 0:01:14]} 16. f3 {[%emt 0:06:19]} Bxg2 {[%emt 0:09:25]} 17. Kxg2 {[%emt 0:00:05]} Ne6 {[%emt 0:00:15]} 18. Ne4 {[%emt 0:00:24]} f5 {[%emt 0:00:34]} 19. Ng5 {[%emt 0:05:27]} h4 {[%emt 0:00:34]} 20. Nxe6 {[%emt 0:01:39]} Qxe6 {[%emt 0:00:04]} 21. Rh1 {[%emt 0:05:22]} Nf6 {[%emt 0:04:38]} 22. Bg5 {[%emt 0:03:35]} e4 {[%emt 0:09:20]} 23. Rb2 {[%emt 0:02:07]} h3+ {[%emt 0:05:09]} 24. Kf2 {[%emt 0:02:18]} e3+ {[%emt 0:00:42]} 25. Ke1 {[%emt 0:00:06]} Qb6 {[%emt 0:16:01]} 26. Qb1 {[%emt 0:07:31]} Ra3 {[%emt 0:01:30]} 27. Qc1 {[%emt 0:02:45]} Qa5+ {[%emt 0:02:04]} 28. Kd1 {[%emt 0:00:19]} Ra1 {[%emt 0:00:34]} 0-1

[Event "ESP-chT Div I 2018"]
[Site "Linares"]
[Date "2018.08.08"]
[Round "3"]
[White "Garcia Castany Musellas, Gal La"]
[Black "Gonzalez Laso, Adrian"]
[Result "0-1"]
[WhiteElo "2203"]
[BlackElo "2168"]
[Annotator "NA"]
[PlyCount "86"]
[EventDate "2018.08.06"]
[EventType "team-tourn"]
[EventCountry "ESP"]
[SourceTitle "playchess.com"]
[Source "ChessBase"]
[SourceQuality "1"]
[TimeControl "40/5400+30:1800+30"]

1. e4 {[%emt 0:00:00]} c5 {[%emt 0:00:00]} 2. Nf3 {[%emt 0:00:00]} Nc6 {[%emt 0:00:00]} 3. Bb5 {[%emt 0:00:12]} g6 {[%emt 0:00:08]} 4. Bxc6 {[%emt 0:04:28]} dxc6 {[%emt 0:00:08]} 5. d3 {[%emt 0:02:28]} Bg7 {[%emt 0:00:18]} 6. h3 {[%emt 0:01:17]} Nf6 {[%emt 0:01:32]} 7. Qe2 {[%emt 0:08:27]} O-O {[%emt 0:00:35]} 8. O-O {[%emt 0:03:15]} Nd7 {[%emt 0:04:26]} 9. a4 {[%emt 0:06:36]} a5 {[%emt 0:05:07]} 10. e5 {[%emt 0:03:51]} Nb8 {[%emt 0:04:21]} 11. Bg5 {[%emt 0:27:11]} Na6 {[%emt 0:04:54]} 12. Qd2 {[%emt 0:07:16]} Re8 {[%emt 0:04:38]} 13. Bh6 {[%emt 0:02:19]} Bh8 {[%emt 0:02:22]} 14. Na3 {[%emt 0:04:35]} Be6 {[%emt 0:13:36]} 15. Rfe1 {[%emt 0:00:49]} Bd5 {[%emt 0:16:01]} 16. Qf4 {[%emt 0:05:33]} Bxf3 {[%emt 0:05:29]} 17. Qxf3 {[%emt 0:00:01]} Qd5 {[%emt 0:01:01]} 18. Qg3 {[%emt 0:01:02]} Qe6 {[%emt 0:08:38]} 19. Re4 {[%emt 0:02:59]} Rad8 {[%emt 0:02:26]} 20. Rae1 {[%emt 0:01:46]} Nb4 {[%emt 0:02:27]} 21. R4e2 {[%emt 0:04:41]} Rd5 {[%emt 0:04:46]} 22. Nc4 {[%emt 0:00:37]} b5 {[%emt 0:09:19]} 23. axb5 {[%emt 0:08:08]} cxb5 {[%emt 0:00:02]} 24. Nxa5 {[%emt 0:00:08]} Ra8 {[%emt 0:02:06]} 25. Nb3 {[%emt 0:00:03]} c4 {[%emt 0:01:34]} 26. dxc4 {[%emt 0:02:08]} bxc4 {[%emt 0:01:20]} 27. Qc3 {[%emt 0:00:08]} cxb3 {[%emt 0:01:13]} 28. Qxb4 {[%emt 0:00:03]} bxc2 {[%emt 0:00:22]} 29. Rxc2 {[%emt 0:00:37]} Rxe5 {[%emt 0:01:14]} 30. Rec1 {[%emt 0:00:04]} Bg7 {[%emt 0:02:11]} 31. Rc6 {[%emt 0:02:42]} Qd7 {[%emt 0:01:54]} 32. Rc7 {[%emt 0:01:30]} Qe8 {[%emt 0:00:06]} 33. Bxg7 {[%emt 0:00:33]} Kxg7 {[%emt 0:00:02]} 34. Qd4 {[%emt 0:00:40]} f6 {[%emt 0:00:22]} 35. f4 {[%emt 0:00:29]} Ra4 {[%emt 0:01:00]} 36. b4 {[%emt 0:00:47]} Re2 {[%emt 0:00:06]} 37. R1c2 {[%emt 0:00:31]} Re1+ {[%emt 0:01:56]} 38. Kh2 {[%emt 0:00:01]} Raa1 {[%emt 0:00:42]} 39. Qc5 {[%emt 0:00:52]} h5 {[%emt 0:00:28]} 40. Kg3 {[%emt 0:00:28]} Qf7 {[%emt 0:00:37]} 41. b5 {[%emt 0:30:20]} Qe6 {[%emt 0:30:18]} 42. b6 {[%emt 0:00:26]} Rab1 {[%emt 0:00:05]} 43. b7 {[%emt 0:00:34]} h4+ {[%emt 0:01:03]} 0-1

[Event "ESP-chT Div I 2018"]
[Site "Linares"]
[Date "2018.08.08"]
[Round "3"]
[White "Gonzalez, Merino"]
[Black "Rivas Garcia, Victor"]
[Result "1/2-1/2"]
[WhiteElo "2199"]
[BlackElo "2217"]
[Annotator "NA"]
[PlyCount "83"]
[EventDate "2018.08.06"]
[EventType "team-tourn"]
[EventCountry "ESP"]
[SourceTitle "playchess.com"]
[Source "ChessBase"]
[SourceQuality "1"]
[TimeControl "40/5400+30:1800+30"]

1. d4 {[%emt 0:00:00]} d5 {[%emt 0:00:00]} 2. c4 {[%emt 0:00:00]} dxc4 {[%emt 0:00:08]} 3. Nc3 {[%emt 0:00:11]} a6 {[%emt 0:00:45]} 4. Nf3 {[%emt 0:05:18]} Nf6 {[%emt 0:05:29]} 5. a4 {[%emt 0:08:34]} Nc6 {[%emt 0:01:38]} 6. Bg5 {[%emt 0:07:31]} Bg4 {[%emt 0:08:05]} 7. d5 {[%emt 0:12:15]} Nb4 {[%emt 0:15:57]} 8. e4 {[%emt 0:01:31]} b5 {[%emt 0:10:41]} 9. axb5 {[%emt 0:23:09]} axb5 {[%emt 0:00:06]} 10. Rxa8 {[%emt 0:00:04]} Qxa8 {[%emt 0:00:08]} 11. Nxb5 {[%emt 0:02:07]} Qa5 {[%emt 0:00:57]} 12. Nc3 {[%emt 0:16:43]} Nxe4 {[%emt 0:03:50]} 13. Nxe4 {[%emt 0:00:01]} Nd3+ {[%emt 0:00:17]} 14. Ke2 {[%emt 0:00:01]} Qxd5 {[%emt 0:01:17]} 15. Ke3 {[%emt 0:01:20]} Bxf3 {[%emt 0:12:15]} 16. gxf3 {[%emt 0:00:40]} f5 {[%emt 0:01:44]} 17. Bxd3 {[%emt 0:01:49]} fxe4 {[%emt 0:01:51]} 18. Qa4+ {[%emt 0:00:58]} c6 {[%emt 0:06:36]} 19. Bxc4 {[%emt 0:01:17]} Qxg5+ {[%emt 0:00:10]} 20. f4 {[%emt 0:00:09]} Qc5+ {[%emt 0:00:22]} 21. Kxe4 {[%emt 0:00:25]} e6 {[%emt 0:01:09]} 22. Bxe6 {[%emt 0:01:36]} Ke7 {[%emt 0:02:07]} 23. f5 {[%emt 0:03:24]} Kf6 {[%emt 0:01:36]} 24. Kf3 {[%emt 0:02:42]} g5 {[%emt 0:04:58]} 25. h4 {[%emt 0:01:36]} Bh6 {[%emt 0:02:32]} 26. Rd1 {[%emt 0:02:13]} Rb8 {[%emt 0:00:57]} 27. Rd7 {[%emt 0:01:23]} Rb4 {[%emt 0:00:58]} 28. hxg5+ {[%emt 0:02:56]} Bxg5 {[%emt 0:00:25]} 29. Qa7 {[%emt 0:00:18]} Rf4+ 30. Kg3 {[%emt 0:00:22]} Qc1 {[%emt 0:07:47]} 31. Rf7+ {[%emt 0:01:04]} Ke5 {[%emt 0:00:07]} 32. Qa5+ {[%emt 0:00:40]} Ke4 {[%emt 0:00:52]} 33. Qb4+ {[%emt 0:00:46]} Kd3 {[%emt 0:01:30]} 34. Qb3+ {[%emt 0:02:07]} Ke2 {[%emt 0:00:45]} 35. Qe3+ {[%emt 0:00:34]} Qxe3+ {[%emt 0:00:16]} 36. fxe3 {[%emt 0:00:01]} Rh4 {[%emt 0:02:18]} 37. Rc7 {[%emt 0:01:17]} Kxe3 38. Rxc6 Rb4 {[%emt 0:03:40]} 39. b3 {[%emt 0:00:50]} h5 {[%emt 0:00:18]} 40. Bc4 {[%emt 0:00:17]} Rb8 {[%emt 0:00:40]} 41. Rg6 {[%emt 0:31:16]} Be7 {[%emt 0:32:23]} 42. Re6+ {[%emt 0:00:11]} 1/2-1/2

[Event "ESP-chT Div I 2018"]
[Site "Linares"]
[Date "2018.08.08"]
[Round "3"]
[White "Vazquez Torres, Adrian"]
[Black "Cano Sanchez, Josue"]
[Result "0-1"]
[WhiteElo "2174"]
[BlackElo "2312"]
[Annotator "NA"]
[PlyCount "78"]
[EventDate "2018.08.06"]
[EventType "team-tourn"]
[EventCountry "ESP"]
[SourceTitle "playchess.com"]
[Source "ChessBase"]
[SourceQuality "1"]
[TimeControl "40/5400+30:1800+30"]

1. e4 {[%emt 0:00:00]} e6 {[%emt 0:00:00]} 2. Nf3 {[%emt 0:02:47]} d5 {[%emt 0:00:08]} 3. Nc3 {[%emt 0:00:05]} Nf6 {[%emt 0:00:28]} 4. e5 {[%emt 0:00:24]} Nfd7 {[%emt 0:00:11]} 5. d4 {[%emt 0:00:54]} c5 {[%emt 0:00:06]} 6. dxc5 {[%emt 0:01:01]} Bxc5 {[%emt 0:01:47]} 7. Bd3 {[%emt 0:00:37]} Nc6 {[%emt 0:00:55]} 8. Bf4 {[%emt 0:00:17]} f6 {[%emt 0:05:01]} 9. Qe2 {[%emt 0:19:41]} Ndxe5 {[%emt 0:26:09]} 10. Nxe5 {[%emt 0:01:41]} fxe5 {[%emt 0:00:32]} 11. Qh5+ {[%emt 0:01:46]} g6 {[%emt 0:14:24]} 12. Bxg6+ {[%emt 0:04:14]} Kd7 {[%emt 0:00:23]} 13. Bxe5 {[%emt 0:08:48]} Nxe5 {[%emt 0:00:10]} 14. Qxe5 {[%emt 0:00:04]} hxg6 {[%emt 0:00:12]} 15. O-O-O {[%emt 0:01:16]} Bd6 {[%emt 0:06:16]} 16. Qg7+ {[%emt 0:01:52]} Kc6 {[%emt 0:00:10]} 17. Qxg6 {[%emt 0:04:23]} Qg8 {[%emt 0:14:20]} 18. Qd3 {[%emt 0:01:25]} Bd7 {[%emt 0:00:25]} 19. g3 {[%emt 0:00:17]} Kc7 {[%emt 0:06:21]} 20. Ne4 {[%emt 0:09:27]} Bc6 {[%emt 0:02:34]} 21. Nxd6 {[%emt 0:00:34]} Kxd6 {[%emt 0:00:07]} 22. f4 {[%emt 0:01:20]} Kc7 {[%emt 0:01:49]} 23. h4 {[%emt 0:05:46]} Qg4 {[%emt 0:00:34]} 24. Rhe1 {[%emt 0:05:04]} Rag8 {[%emt 0:00:47]} 25. Qd4 {[%emt 0:01:39]} Qxg3 {[%emt 0:03:37]} 26. Qe5+ {[%emt 0:10:33]} Kc8 {[%emt 0:00:16]} 27. Qxe6+ {[%emt 0:00:09]} Kb8 {[%emt 0:00:12]} 28. Qd6+ {[%emt 0:09:38]} Ka8 {[%emt 0:00:11]} 29. Re7 {[%emt 0:00:23]} Qxh4 {[%emt 0:01:57]} 30. Rf7 {[%emt 0:05:29]} Qd8 {[%emt 0:00:24]} 31. Qb4 {[%emt 0:01:18]} Rf8 {[%emt 0:00:18]} 32. Rxf8 {[%emt 0:00:23]} Rxf8 {[%emt 0:00:20]} 33. Qd4 {[%emt 0:01:31]} Qf6 {[%emt 0:00:12]} 34. Qxf6 {[%emt 0:00:04]} Rxf6 35. Rd4 {[%emt 0:01:11]} Kb8 {[%emt 0:00:47]} 36. c4 {[%emt 0:00:47]} dxc4 {[%emt 0:00:31]} 37. Rxc4 {[%emt 0:00:01]} Bd5 {[%emt 0:00:36]} 38. Ra4 {[%emt 0:00:13]} b5 {[%emt 0:01:17]} 39. Rb4 {[%emt 0:00:13]} Bc4 {[%emt 0:00:15]} 0-1

[Event "ESP-chT Div I 2018"]
[Site "Linares"]
[Date "2018.08.08"]
[Round "3"]
[White "Prado Acebo, Ines"]
[Black "Martin Capitan, Feliciano"]
[Result "0-1"]
[WhiteElo "2084"]
[BlackElo "2066"]
[Annotator "NA"]
[PlyCount "108"]
[EventDate "2018.08.06"]
[EventType "team-tourn"]
[EventCountry "ESP"]
[SourceTitle "playchess.com"]
[Source "ChessBase"]
[SourceQuality "1"]
[TimeControl "40/5400+30:1800+30"]

1. d4 {[%emt 0:00:00]} d5 {[%emt 0:00:04]} 2. c4 {[%emt 0:00:00]} e6 {[%emt 0:00:27]} 3. Nc3 {[%emt 0:00:00]} Nf6 {[%emt 0:01:16]} 4. cxd5 {[%emt 0:00:01]} exd5 {[%emt 0:00:18]} 5. Bg5 {[%emt 0:00:09]} Nbd7 {[%emt 0:01:17]} 6. Qc2 {[%emt 0:01:55]} Be7 {[%emt 0:01:42]} 7. e3 {[%emt 0:00:47]} h6 {[%emt 0:04:31]} 8. Bf4 {[%emt 0:04:13]} c6 {[%emt 0:05:34]} 9. Bd3 {[%emt 0:02:28]} O-O {[%emt 0:06:57]} 10. h3 {[%emt 0:00:41]} Re8 {[%emt 0:01:41]} 11. Nge2 {[%emt 0:00:24]} Nf8 {[%emt 0:03:25]} 12. O-O {[%emt 0:02:40]} Bd6 {[%emt 0:06:55]} 13. Rab1 {[%emt 0:02:58]} Ne6 {[%emt 0:05:32]} 14. Bg3 {[%emt 0:06:00]} Ng5 {[%emt 0:07:16]} 15. b4 {[%emt 0:13:38]} a6 {[%emt 0:25:58]} 16. a4 {[%emt 0:03:55]} Qc7 {[%emt 0:04:46]} 17. b5 {[%emt 0:08:59]} Bxg3 {[%emt 0:00:43]} 18. Nxg3 {[%emt 0:00:32]} axb5 {[%emt 0:03:03]} 19. axb5 {[%emt 0:04:23]} Rxe3 {[%emt 0:01:29]} 20. bxc6 {[%emt 0:13:26]} bxc6 {[%emt 0:06:36]} 21. Nce2 {[%emt 0:12:18]} Re8 {[%emt 0:02:40]} 22. Rfc1 {[%emt 0:00:49]} Bd7 {[%emt 0:00:48]} 23. Nf5 {[%emt 0:02:18]} Nge4 {[%emt 0:01:34]} 24. Ne3 {[%emt 0:00:21]} Qd6 {[%emt 0:01:37]} 25. Nf1 {[%emt 0:03:24]} Reb8 {[%emt 0:00:59]} 26. f3 {[%emt 0:01:55]} Ng5 {[%emt 0:00:28]} 27. Nfg3 {[%emt 0:00:30]} Rxb1 {[%emt 0:00:42]} 28. Rxb1 {[%emt 0:00:46]} Rb8 {[%emt 0:01:32]} 29. Ra1 {[%emt 0:00:58]} Qe7 {[%emt 0:00:46]} 30. Nf1 {[%emt 0:03:59]} Be8 {[%emt 0:02:16]} 31. Ra6 {[%emt 0:01:29]} Qb7 {[%emt 0:00:44]} 32. Ra1 {[%emt 0:03:00]} Ne6 {[%emt 0:00:37]} 33. Kh1 {[%emt 0:00:52]} Qb6 {[%emt 0:00:35]} 34. Qd2 {[%emt 0:00:46]} Qb2 {[%emt 0:00:47]} 35. Qd1 {[%emt 0:00:10]} Qb6 {[%emt 0:00:44]} 36. Bc2 {[%emt 0:00:29]} c5 {[%emt 0:00:33]} 37. dxc5 {[%emt 0:00:15]} Qxc5 {[%emt 0:00:13]} 38. Nfg3 {[%emt 0:00:43]} d4 {[%emt 0:00:15]} 39. Nf5 {[%emt 0:00:54]} Rd8 {[%emt 0:00:44]} 40. Bd3 {[%emt 0:00:26]} Nd5 {[%emt 0:00:32]} 41. Rc1 {[%emt 0:31:14]} Qa7 {[%emt 0:30:57]} 42. Ra1 {[%emt 0:00:58]} Qc5 {[%emt 0:00:10]} 43. Rc1 {[%emt 0:01:19]} Qa7 {[%emt 0:00:34]} 44. Ra1 {[%emt 0:01:22]} Qc7 {[%emt 0:01:01]} 45. Qg1 {[%emt 0:00:36]} Ndf4 {[%emt 0:00:21]} 46. Nxf4 {[%emt 0:00:45]} Qxf4 {[%emt 0:00:23]} 47. Qe1 {[%emt 0:00:52]} g6 {[%emt 0:00:16]} 48. Ng3 {[%emt 0:00:13]} Qe3 {[%emt 0:00:18]} 49. Qb1 {[%emt 0:01:12]} Nf4 {[%emt 0:00:26]} 50. Qb6 {[%emt 0:00:38]} Rd5 {[%emt 0:00:52]} 51. Bf1 {[%emt 0:01:01]} Rg5 {[%emt 0:00:42]} 52. Ne4 {[%emt 0:01:02]} Nxh3 {[%emt 0:00:46]} 53. Bc4 {[%emt 0:00:42]} Nf2+ {[%emt 0:00:23]} 54. Nxf2 {[%emt 0:00:04]} Qxf2 {[%emt 0:00:04]} 0-1

[Event "ESP-chT Div I 2018"]
[Site "Linares"]
[Date "2018.08.08"]
[Round "3"]
[White "Garcia Molina, Jose"]
[Black "Rodrigo Yanguas, Maria"]
[Result "0-1"]
[WhiteElo "1969"]
[BlackElo "2062"]
[Annotator "NA"]
[PlyCount "56"]
[EventDate "2018.08.06"]
[EventType "team-tourn"]
[EventCountry "ESP"]
[SourceTitle "playchess.com"]
[Source "ChessBase"]
[SourceQuality "1"]
[TimeControl "40/5400+30:1800+30"]

1. d4 {[%emt 0:00:00]} Nf6 {[%emt 0:00:00]} 2. c4 {[%emt 0:00:00]} g6 {[%emt 0:00:00]} 3. f3 {[%emt 0:00:00]} Bg7 {[%emt 0:00:19]} 4. e4 {[%emt 0:00:00]} d6 {[%emt 0:00:18]} 5. Nc3 {[%emt 0:00:37]} O-O {[%emt 0:00:27]} 6. Nge2 {[%emt 0:00:16]} c5 {[%emt 0:02:36]} 7. Be3 {[%emt 0:05:13]} cxd4 {[%emt 0:00:45]} 8. Nxd4 {[%emt 0:00:08]} Nc6 {[%emt 0:00:13]} 9. Nb3 {[%emt 0:04:21]} Be6 {[%emt 0:04:28]} 10. Be2 {[%emt 0:09:20]} Rc8 {[%emt 0:08:55]} 11. Nd5 {[%emt 0:00:32]} Nd7 {[%emt 0:04:05]} 12. Qd2 {[%emt 0:05:21]} f5 {[%emt 0:03:07]} 13. O-O {[%emt 0:12:42]} Nde5 {[%emt 0:04:42]} 14. c5 {[%emt 0:05:03]} fxe4 {[%emt 0:10:04]} 15. fxe4 {[%emt 0:00:26]} Qd7 {[%emt 0:01:13]} 16. cxd6 {[%emt 0:06:59]} exd6 {[%emt 0:00:08]} 17. Rfd1 {[%emt 0:01:49]} Bg4 {[%emt 0:03:18]} 18. Bxg4 {[%emt 0:11:56]} Qxg4 {[%emt 0:00:21]} 19. Kh1 {[%emt 0:03:33]} Nc4 {[%emt 0:05:55]} 20. Qe1 {[%emt 0:21:30]} Nxb2 {[%emt 0:00:08]} 21. Rd4 {[%emt 0:03:48]} Nxd4 {[%emt 0:04:59]} 22. Nxd4 {[%emt 0:01:47]} Qxe4 {[%emt 0:04:37]} 23. Nc3 {[%emt 0:02:18]} Qd3 {[%emt 0:02:20]} 24. Nd5 {[%emt 0:02:13]} Rce8 {[%emt 0:02:13]} 25. Qh4 {[%emt 0:01:59]} Nd1 {[%emt 0:04:59]} 26. Ne7+ {[%emt 0:00:38]} Rxe7 {[%emt 0:01:10]} 27. Qxe7 {[%emt 0:00:01]} Qf1+ {[%emt 0:00:38]} 28. Bg1 {[%emt 0:00:08]} Nf2# {[%emt 0:00:09]} 0-1

[Event "ESP-chT Div I 2018"]
[Site "Linares"]
[Date "2018.08.08"]
[Round "3"]
[White "Badillo Ramos, Steve"]
[Black "Ortega Hermida, Daniel"]
[Result "0-1"]
[WhiteElo "1901"]
[BlackElo "2334"]
[Annotator "NA"]
[PlyCount "86"]
[EventDate "2018.08.06"]
[EventType "team-tourn"]
[EventCountry "ESP"]
[SourceTitle "playchess.com"]
[Source "ChessBase"]
[SourceQuality "1"]
[TimeControl "40/5400+30:1800+30"]

1. e4 {[%emt 0:00:00]} e5 {[%emt 0:00:06]} 2. Nf3 {[%emt 0:00:00]} Nc6 {[%emt 0:00:16]} 3. Nc3 {[%emt 0:00:13]} Nf6 {[%emt 0:00:23]} 4. g3 {[%emt 0:00:44]} d5 {[%emt 0:00:16]} 5. exd5 {[%emt 0:00:20]} Nxd5 {[%emt 0:00:10]} 6. Bg2 {[%emt 0:04:47]} Nxc3 {[%emt 0:00:22]} 7. bxc3 {[%emt 0:00:32]} Bc5 {[%emt 0:00:19]} 8. O-O {[%emt 0:01:04]} O-O {[%emt 0:00:42]} 9. d3 {[%emt 0:00:56]} Bg4 {[%emt 0:03:36]} 10. h3 {[%emt 0:00:47]} Bh5 {[%emt 0:01:14]} 11. g4 {[%emt 0:06:20]} Bg6 {[%emt 0:00:29]} 12. Ng5 {[%emt 0:08:37]} Qd7 {[%emt 0:17:07]} 13. Ne4 {[%emt 0:04:41]} Be7 {[%emt 0:06:41]} 14. Be3 {[%emt 0:04:50]} f5 {[%emt 0:14:00]} 15. Nc5 {[%emt 0:01:09]} Bxc5 {[%emt 0:00:48]} 16. Bxc5 {[%emt 0:00:30]} Rf7 {[%emt 0:01:50]} 17. Re1 {[%emt 0:04:38]} b6 {[%emt 0:04:13]} 18. Ba3 {[%emt 0:03:07]} Re8 {[%emt 0:03:36]} 19. gxf5 {[%emt 0:05:37]} Bxf5 {[%emt 0:08:31]} 20. Re3 {[%emt 0:04:14]} Re6 {[%emt 0:03:56]} 21. Qe2 {[%emt 0:04:56]} Rg6 {[%emt 0:05:29]} 22. Kh2 {[%emt 0:01:42]} Be6 {[%emt 0:01:30]} 23. Rg3 {[%emt 0:11:49]} Rgf6 {[%emt 0:01:58]} 24. Rf3 {[%emt 0:10:10]} Rxf3 {[%emt 0:11:00]} 25. Bxf3 {[%emt 0:00:10]} Ne7 {[%emt 0:00:22]} 26. Bxe7 {[%emt 0:00:52]} Qxe7 {[%emt 0:00:19]} 27. Rg1 {[%emt 0:01:42]} Qf6 {[%emt 0:03:51]} 28. Rg3 {[%emt 0:00:13]} h5 {[%emt 0:01:29]} 29. Bg2 {[%emt 0:08:18]} h4 {[%emt 0:03:06]} 30. Rf3 {[%emt 0:00:11]} Qg5 {[%emt 0:00:33]} 31. Rxf7 {[%emt 0:00:15]} Kxf7 {[%emt 0:00:24]} 32. Qf3+ {[%emt 0:00:24]} Qf4+ {[%emt 0:00:47]} 33. Qxf4+ {[%emt 0:00:49]} exf4 {[%emt 0:00:06]} 34. a3 {[%emt 0:01:37]} Ke7 {[%emt 0:02:30]} 35. Be4 {[%emt 0:01:01]} Kd6 {[%emt 0:00:52]} 36. Kg2 {[%emt 0:01:28]} Kc5 {[%emt 0:00:54]} 37. Kf3 {[%emt 0:01:36]} g5 {[%emt 0:00:12]} 38. Bg6 {[%emt 0:05:31]} Bxh3 {[%emt 0:00:33]} 39. Bf7 {[%emt 0:00:04]} Kd6 {[%emt 0:00:56]} 40. Bc4 {[%emt 0:00:17]} Bf5 {[%emt 0:00:18]} 41. Ba6 {[%emt 0:30:40]} h3 {[%emt 0:30:28]} 42. Bb7 {[%emt 0:03:19]} c6 {[%emt 0:00:11]} 43. c4 {[%emt 0:00:19]} Bg4+ {[%emt 0:01:04]} 0-1